Introduction to Risk Management and Insurance. (Record no. 730)
[ view plain ]
| 005 - DATE AND TIME OF LATEST TRANSACTION | |
|---|---|
| control field | 20250317084524.0 |
| 020 ## - INTERNATIONAL STANDARD BOOK NUMBER | |
| International Standard Book Number | 978-93-325-4948-7 |
| 082 ## - DEWEY DECIMAL CLASSIFICATION NUMBER | |
| Classification number | 368 DOR |
| 100 ## - MAIN ENTRY--PERSONAL NAME | |
| Author name | DORFMAN, M.S. |
| 245 ## - TITLE STATEMENT | |
| Title | Introduction to Risk Management and Insurance. |
| 250 ## - EDITION STATEMENT | |
| Edition statement | 10th Ed. |
| 260 ## - PUBLICATION, DISTRIBUTION, ETC. | |
| Place of publication, distribution, etc. | New Deih |
| Name of publisher, distributor, etc. | Pearson, |
| Date of publication, distribution, etc. | 2013. |
| 300 ## - PHYSICAL DESCRIPTION | |
| Extent | xxxi,459p.: Ill.;figures. |
| Other physical details | Glossary, Index. |
| Dimensions | 25cm. |
| 600 ## - SUBJECT ADDED ENTRY--PERSONAL NAME | |
| Title of a work | DAVID ,CATHER. |
| 856 ## - ELECTRONIC LOCATION AND ACCESS | |
| Link text | Access Online Book. |
| Electronic name | Risk Management |
| Path | www,pearson.co.in email id:companysecretary.India@pearson.com |
| 942 ## - ADDED ENTRY ELEMENTS (KOHA) | |
| Source of classification or shelving scheme | Dewey Decimal Classification |
| Koha item type | Books |
| Date last seen | Total checkouts | Full call number | Barcode | Cost, replacement price | Price effective from | Koha item type | Lost status | Source of classification or shelving scheme | Damaged status | Not for loan | Withdrawn status | Home library | Current library | Shelving location | Date acquired | Cost, normal purchase price |
|---|---|---|---|---|---|---|---|---|---|---|---|---|---|---|---|---|
| 03/17/2025 | 368 DOR | 0000003027 | 258000.00 | 03/17/2025 | Books | Dewey Decimal Classification | College of Business Education Main Library | College of Business Education Main Library | General Collection | 03/17/2025 | 86000.00 | |||||
| 03/17/2025 | 368 DOR | 0000003028 | 258000.00 | 03/17/2025 | Books | Dewey Decimal Classification | College of Business Education Main Library | College of Business Education Main Library | General Collection | 03/17/2025 | 86000.00 | |||||
| 03/17/2025 | 368 DOR | 0000003029 | 258000.00 | 03/17/2025 | Books | Dewey Decimal Classification | College of Business Education Main Library | College of Business Education Main Library | General Collection | 03/17/2025 | 86000.00 | |||||
| 03/17/2025 | 368 DOR | 0000003030 | 258000.00 | 03/17/2025 | Books | Dewey Decimal Classification | College of Business Education Main Library | College of Business Education Main Library | General Collection | 03/17/2025 | 86000.00 | |||||
| 03/17/2025 | 368 DOR | 0000003031 | 258000.00 | 03/17/2025 | Books | Dewey Decimal Classification | College of Business Education Main Library | College of Business Education Main Library | Special Reserve Collection | 03/17/2025 | 86000.00 |
